[Event "LSS RE-2010-0-00049"]
[Site "LSS email"]
[Date "2010.12.19"]
[Round "?"]
[White "Zeidan, Mohammad"]
[Black "Bruce, Earle"]
[Result "1-0"]
[WhiteElo "1263"]
[BlackElo "1156"]
[PlyCount "47"]
[EventDate "2010.10.12"]
[EventType "tourn (corr)"]
[EventRounds "6"]
[EventCountry "GER"]
[SourceTitle "Telechess CBM 147"]
[Source "ChessBase"]
[SourceDate "2012.03.16"]
[SourceVersion "1"]
[SourceVersionDate "2012.03.16"]
[SourceQuality "1"]

1. d4 d5 2. c4 e6 3. g3 dxc4 4. Bg2 Bb4+ 5. Nc3 c5 6. e3 Ne7 7. Nge2 0-0 8. a3 Bxc3+ 9. bxc3 Nd7 10. 0-0 Rb8 11. a4 a6 12. dxc5 Nxc5 13. Qxd8 Rxd8 14. Ba3 b6 15. Rab1 Bd7 16. a5 Nd5 17. e4 Nf6 18. e5 Nd5 19. Bxd5 exd5 20. Rxb6 Rxb6 21. axb6 Nb7 22. Nd4 Ra8 23. f4 a5 24. f5 1-0

[Event "LSS RF-2010-0-00062"]
[Site "LSS email"]
[Date "2010.11.20"]
[Round "?"]
[White "Bruce, Earle"]
[Black "Raines, David T"]
[Result "0-1"]
[WhiteElo "1147"]
[BlackElo "1153"]
[PlyCount "54"]
[EventDate "2010.10.05"]
[EventType "tourn (corr)"]
[EventRounds "6"]
[EventCountry "GER"]
[SourceTitle "Telechess CBM 143"]
[Source "ChessBase"]
[SourceDate "2011.07.15"]
[SourceVersion "1"]
[SourceVersionDate "2011.07.15"]
[SourceQuality "1"]

1. d4 d5 2. Nf3 c6 3. c4 Nf6 4. Nc3 Bg4 5. Ne5 Bh5 6. Qb3 Qb6 7. Qxb6 axb6 8. cxd5 cxd5 9. Nb5 Na6 10. e3 e6 11. Bd3 Bb4+ 12. Bd2 0-0 13. a3 Bxd2+ 14. Kxd2 Rac8 15. Rac1 Rfd8 16. Na7 Ra8 17. Nb5 Rac8 18. Rxc8 Rxc8 19. Na7 Rc7 20. Nb5 Rc8 21. Nd6 Rc7 22. Nxb7 Nb4 23. Nd6 Nxd3 24. Kxd3 Bg6+ 25. Nxg6 hxg6 26. Kd2 Rc6 27. Nb5 Ne4+ 0-1

[Event "LSS RF-2010-0-00058"]
[Site "LSS email"]
[Date "2010.10.03"]
[Round "?"]
[White "Bruce, Earle"]
[Black "Plummer, Martin"]
[Result "0-1"]
[WhiteElo "1156"]
[BlackElo "1072"]
[PlyCount "20"]
[EventDate "2010.08.11"]
[EventType "tourn (corr)"]
[EventRounds "6"]
[EventCountry "GER"]
[SourceTitle "Corr 2013"]
[Source "ChessBase"]
[SourceDate "2012.11.12"]
[SourceVersion "1"]
[SourceVersionDate "2012.11.12"]
[SourceQuality "1"]

1. Nf3 c5 2. g3 Nc6 3. Bg2 d5 4. d4 cxd4 5. Nxd4 Nf6 6. c4 e6 7. cxd5 Nxd5 8. Nxc6 bxc6 9. 0-0 Bd6 10. b3 Be5 0-1

[Event "LSS RF-2010-0-00055"]
[Site "LSS email"]
[Date "2010.08.24"]
[Round "?"]
[White "Bruce, Earle"]
[Black "Vontina, Maria"]
[Result "1-0"]
[WhiteElo "1143"]
[BlackElo "669"]
[PlyCount "81"]
[EventDate "2010.07.10"]
[EventType "tourn (corr)"]
[EventRounds "6"]
[EventCountry "GER"]
[SourceTitle "Telechess CBM 143"]
[Source "ChessBase"]
[SourceDate "2011.07.15"]
[SourceVersion "1"]
[SourceVersionDate "2011.07.15"]
[SourceQuality "1"]

1. e4 e6 2. d4 d5 3. Nd2 c5 4. Ngf3 Nc6 5. exd5 Qxd5 6. Bc4 Qd8 7. Nb3 Nf6 8. dxc5 Qxd1+ 9. Kxd1 Ne4 10. Be3 a6 11. Nfd2 Nxd2 12. Nxd2 Be7 13. a3 0-0 14. b4 Rd8 15. Ke2 Bd7 16. Rhd1 Ne5 17. Bb3 Bb5+ 18. Ke1 Ng4 19. Bf4 Rd7 20. h3 Nf6 21. Nf3 Rad8 22. Rxd7 Rxd7 23. c3 Ne4 24. Ne5 Rd8 25. c4 Be8 26. f3 Nf6 27. Rd1 Rxd1+ 28. Kxd1 Nd7 29. Nd3 Nf8 30. a4 Nd7 31. Kd2 Nf6 32. b5 Nd7 33. Be3 Nb8 34. Kc3 f6 35. Nb4 axb5 36. cxb5 Bf7 37. Bc2 Kf8 38. Be4 b6 39. c6 Bd8 40. Na6 Nxa6 41. bxa6 1-0

[Event "LSS RF-2010-0-00053"]
[Site "LSS email"]
[Date "2010.07.28"]
[Round "?"]
[White "Bruce, Earle"]
[Black "Ausan, Leo Tito Jr"]
[Result "1-0"]
[WhiteElo "1142"]
[BlackElo "1060"]
[PlyCount "145"]
[EventDate "2010.06.03"]
[EventType "tourn (corr)"]
[EventRounds "6"]
[EventCountry "GER"]
[SourceTitle "Telechess CBM 141"]
[Source "ChessBase"]
[SourceDate "2011.03.17"]
[SourceVersion "1"]
[SourceVersionDate "2011.03.17"]
[SourceQuality "1"]

1. d4 Nf6 2. c4 g6 3. Nc3 d5 4. Nf3 Bg7 5. Qb3 c6 6. cxd5 Nxd5 7. e4 Nxc3 8. bxc3 Qb6 9. Bc4 Qxb3 10. axb3 Nd7 11. 0-0 Nb6 12. Bd3 Be6 13. Nd2 0-0 14. Ba3 Rfe8 15. f4 a6 16. Bc5 Nd7 17. Bb4 Bh6 18. h3 f6 19. c4 Bf7 20. d5 c5 21. Bc3 b6 22. g3 a5 23. Nb1 Nb8 24. Na3 Na6 25. Nb5 Red8 26. e5 Nb4 27. Be4 Rab8 28. exf6 exf6 29. Bxf6 Rd7 30. Be5 Re8 31. Rfe1 Bg7 32. Bxg7 Kxg7 33. Rad1 Kf8 34. Bb1 Rde7 35. Rxe7 Kxe7 36. Re1+ Kd7 37. Rxe8 Bxe8 38. Kf2 Na6 39. Kf3 Nc7 40. Nxc7 Kxc7 41. Kg4 h6 42. Kh4 Kd6 43. g4 b5 44. f5 g5+ 45. Kg3 a4 46. Ba2 Ke5 47. cxb5 axb3 48. Bxb3 Bxb5 49. Kf3 c4 50. Bc2 Kxd5 51. Ke3 Ke5 52. Bd1 Bd7 53. Be2 Kd5 54. Kd2 Kd4 55. Bf3 c3+ 56. Kc2 Ba4+ 57. Kc1 Bb3 58. Bc6 Ke5 59. Be8 Kf6 60. Bc6 Ke7 61. Bf3 Kd6 62. Be4 Ke5 63. Bf3 Kf4 64. Bd1 Bf7 65. Kc2 Kg3 66. Kxc3 Kxh3 67. Kd4 Kh4 68. Ke5 Kg3 69. Kf6 Bc4 70. Kg6 Kf4 71. Kxh6 Bf7 72. Kg7 Be8 73. f6 1-0

[Event "LSS No Engine Cup 23 Preliminary 2"]
[Site "LSS email"]
[Date "2010.06.04"]
[Round "?"]
[White "Basson, Heinrich"]
[Black "Bruce, Earle"]
[Result "1/2-1/2"]
[WhiteElo "1632"]
[BlackElo "1124"]
[PlyCount "55"]
[EventDate "2010.06.05"]
[EventType "tourn (corr)"]
[EventRounds "6"]
[EventCountry "GER"]
[SourceTitle "Telechess CBM 143"]
[Source "ChessBase"]
[SourceDate "2011.07.15"]
[SourceVersion "1"]
[SourceVersionDate "2011.07.15"]
[SourceQuality "1"]

1. d4 Nf6 2. c4 g6 3. Nc3 Bg7 4. e4 d6 5. Nf3 0-0 6. Be2 e5 7. d5 a5 8. 0-0 Na6 9. Bg5 h6 10. Bh4 Qe8 11. a3 Bd7 12. Rb1 a4 13. Re1 Nc5 14. Qc2 g5 15. Bg3 Nh5 16. Nd2 f5 17. exf5 Bxf5 18. Nde4 Nxe4 19. Nxe4 Qg6 20. Bxh5 Qxh5 21. Qd2 Qg6 22. f3 Kh8 23. Rbc1 b6 24. h3 Bf6 25. Bf2 Rf7 26. Ng3 Bd7 27. Rcd1 Raf8 28. Kf1 1/2-1/2

[Event "LSS No Engine Cup 23 Preliminary 2"]
[Site "LSS email"]
[Date "2010.06.04"]
[Round "?"]
[White "Bester, Kazimierz"]
[Black "Bruce, Earle"]
[Result "1-0"]
[WhiteElo "702"]
[BlackElo "1156"]
[PlyCount "69"]
[EventDate "2010.06.05"]
[EventType "tourn (corr)"]
[EventRounds "6"]
[EventCountry "GER"]
[SourceTitle "Telechess CBM 147"]
[Source "ChessBase"]
[SourceDate "2012.03.16"]
[SourceVersion "1"]
[SourceVersionDate "2012.03.16"]
[SourceQuality "1"]

1. f4 d5 2. Nf3 Nf6 3. e3 g6 4. Nc3 Bg7 5. Bd3 c5 6. Bb5+ Bd7 7. Bxd7+ Nbxd7 8. 0-0 0-0 9. Qe1 e6 10. Ne2 b5 11. Ng3 Qb6 12. c3 c4 13. Nd4 Nc5 14. Qe2 a5 15. b4 axb4 16. cxb4 Na4 17. a3 Ne4 18. Nxe4 Bxd4 19. Ng5 Bxa1 20. h4 Bf6 21. h5 Bxg5 22. fxg5 Qd8 23. Qg4 f5 24. gxf6 Rxf6 25. h6 Rxf1+ 26. Kxf1 Qf8+ 27. Kg1 Qxh6 28. Qxe6+ Kh8 29. Qxd5 Qf8 30. Qxb5 h5 31. Qe5+ Kh7 32. Qc7+ Kh6 33. d4 h4 34. e4+ Kh5 35. Qe5+ 1-0

[Event "LSS No Engine Cup 23 Preliminary 2"]
[Site "LSS email"]
[Date "2010.06.04"]
[Round "?"]
[White "Bruce, Earle"]
[Black "Lindstrom, Timothy"]
[Result "1/2-1/2"]
[WhiteElo "1135"]
[BlackElo "1492"]
[PlyCount "58"]
[EventDate "2010.06.05"]
[EventType "tourn (corr)"]
[EventRounds "6"]
[EventCountry "GER"]
[SourceTitle "Telechess CBM 143"]
[Source "ChessBase"]
[SourceDate "2011.07.15"]
[SourceVersion "1"]
[SourceVersionDate "2011.07.15"]
[SourceQuality "1"]

1. Nf3 c5 2. g3 Nf6 3. c4 e6 4. Nc3 d5 5. cxd5 exd5 6. d4 cxd4 7. Nxd4 Nc6 8. Bg2 Qb6 9. e3 Bg4 10. Qa4 Qb4 11. Qxb4 Bxb4 12. Bd2 Nxd4 13. exd4 0-0 14. 0-0 Rac8 15. Rac1 Rfe8 16. Rfe1 Rxe1+ 17. Bxe1 Be6 18. Kf1 h6 19. Ne2 Rxc1 20. Nxc1 Bd6 21. Ne2 Kf8 22. a3 Bf5 23. Nc3 Bd3+ 24. Kg1 Bc4 25. f4 Ke7 26. h3 Ke6 27. Kf2 g6 28. Ke3 h5 29. Kd2 b6 1/2-1/2

[Event "LSS No Engine Cup 23 Preliminary 2"]
[Site "LSS email"]
[Date "2010.06.04"]
[Round "?"]
[White "Bruce, Earle"]
[Black "Stoelzel, Werner"]
[Result "1-0"]
[WhiteElo "1134"]
[BlackElo "1065"]
[PlyCount "47"]
[EventDate "2010.06.05"]
[EventType "tourn (corr)"]
[EventRounds "6"]
[EventCountry "GER"]
[SourceTitle "Telechess CBM 143"]
[Source "ChessBase"]
[SourceDate "2011.07.15"]
[SourceVersion "1"]
[SourceVersionDate "2011.07.15"]
[SourceQuality "1"]

1. d4 d5 2. c4 c6 3. Nf3 Nf6 4. Nc3 e6 5. e3 Nbd7 6. Bd3 dxc4 7. Bxc4 b5 8. Bd3 a6 9. e4 c5 10. d5 exd5 11. e5 Ng4 12. Bg5 Be7 13. Bxe7 Qxe7 14. Nxd5 Qd8 15. 0-0 0-0 16. Re1 Re8 17. Nf4 Kh8 18. e6 fxe6 19. Nxe6 Qf6 20. Nc7 Rxe1+ 21. Qxe1 Ra7 22. Nd5 Qd8 23. Bxh7 Ndf6 24. Nxf6 1-0

[Event "LSS No Engine Cup 20 Preliminary 1"]
[Site "LSS email"]
[Date "2010.04.05"]
[Round "?"]
[White "Brey Rodrigo, Gonzalo"]
[Black "Bruce, Earle"]
[Result "0-1"]
[WhiteElo "818"]
[BlackElo "1120"]
[PlyCount "126"]
[EventDate "2010.04.06"]
[EventType "tourn (corr)"]
[EventRounds "6"]
[EventCountry "GER"]
[SourceTitle "Telechess CBM 141"]
[Source "ChessBase"]
[SourceDate "2011.03.17"]
[SourceVersion "1"]
[SourceVersionDate "2011.03.17"]
[SourceQuality "1"]

1. e4 e6 2. d4 d5 3. exd5 exd5 4. Nf3 Bd6 5. Nc3 c6 6. Bd3 Ne7 7. 0-0 Bg4 8. h3 Bh5 9. Bg5 f6 10. Bd2 0-0 11. Re1 Nd7 12. Na4 b5 13. Nc3 a5 14. a3 Qb6 15. Re6 Nc8 16. Qe2 Bf7 17. Re1 Qc7 18. Na2 Ncb6 19. b4 a4 20. c3 Rad8 21. Nh4 Qb8 22. Nf5 Bc7 23. Ne7+ Kh8 24. Nxc6 Qa8 25. Nxd8 Qxd8 26. Re3 Rg8 27. Bxb5 Nf8 28. Re7 Qd6 29. g3 Bg6 30. Bd3 Bxd3 31. Qxd3 Ng6 32. R7e6 Qd7 33. Qf5 Nf8 34. Rxf6 gxf6 35. Qxf6+ Qg7 36. Qxg7+ Rxg7 37. Re8 Kg8 38. Bh6 Rf7 39. b5 Bd6 40. Nb4 Bxb4 41. cxb4 Rf6 42. Bxf8 Rxf8 43. Re6 Rb8 44. f4 Kf7 45. f5 Nc4 46. Ra6 Nxa3 47. Rxa4 Nxb5 48. g4 Nxd4 49. b5 Nxb5 50. Rb4 Rb7 51. Kf2 Kf6 52. Ke3 Re7+ 53. Kd3 Na3 54. Rb6+ Ke5 55. f6 Rf7 56. g5 Nc4 57. Rb4 Nd6 58. h4 Rc7 59. h5 Ne4 60. g6 hxg6 61. hxg6 Nxf6 62. Ke3 Rg7 63. Rb7 Rxb7 0-1

[Event "LSS No Engine Cup 20 Preliminary 1"]
[Site "LSS email"]
[Date "2010.04.05"]
[Round "?"]
[White "Bruce, Earle"]
[Black "Jochem, Alessandro Gil"]
[Result "1-0"]
[WhiteElo "1148"]
[BlackElo "1688"]
[PlyCount "85"]
[EventDate "2010.04.06"]
[EventType "tourn (corr)"]
[EventRounds "6"]
[EventCountry "GER"]
[SourceTitle "Telechess CBM 141"]
[Source "ChessBase"]
[SourceDate "2011.03.17"]
[SourceVersion "1"]
[SourceVersionDate "2011.03.17"]
[SourceQuality "1"]

1. d4 Nf6 2. c4 g6 3. Nc3 Bg7 4. e4 d6 5. f4 0-0 6. Nf3 c5 7. Be2 cxd4 8. Nxd4 Nc6 9. Be3 Qa5 10. Nb3 Qd8 11. 0-0 a6 12. Rc1 h5 13. c5 Be6 14. cxd6 exd6 15. a3 d5 16. Bc5 Re8 17. e5 Nd7 18. Bd6 Nb6 19. Nc5 Qc8 20. b3 d4 21. N3e4 Nd5 22. Qd2 b6 23. Nxa6 Qb7 24. Nb4 Na5 25. Qb2 Ne3 26. Bf3 Qa7 27. Rc7 Nb7 28. Ra1 b5 29. Nf6+ Bxf6 30. Rxb7 Qa5 31. Bc7 Qa7 32. Rxa7 Rxa7 33. Bb6 Rd7 34. Bc6 Bd8 35. Bxd4 Ng4 36. Bxd7 Bxd7 37. Nd3 Bf5 38. Nf2 Nh6 39. Qe2 Bd7 40. Ne4 Nf5 41. Bc5 Kg7 42. Nc3 f6 43. Nxb5 1-0

[Event "LSS No Engine Cup 12 Preliminary 5"]
[Site "LSS email"]
[Date "2009.12.11"]
[Round "?"]
[White "Bruce, Earle"]
[Black "Campbell, Iain S"]
[Result "1/2-1/2"]
[WhiteElo "1087"]
[BlackElo "1581"]
[PlyCount "82"]
[EventDate "2009.12.12"]
[EventType "tourn (corr)"]
[EventRounds "6"]
[EventCountry "GER"]
[SourceTitle "Corr 2013"]
[Source "ChessBase"]
[SourceDate "2012.11.12"]
[SourceVersion "1"]
[SourceVersionDate "2012.11.12"]
[SourceQuality "1"]

1. Nf3 d5 2. g3 Nf6 3. Bg2 Bg4 4. Ne5 Bh5 5. c4 c6 6. b3 dxc4 7. Nxc4 e6 8. Qc2 Be7 9. Nc3 0-0 10. 0-0 Nbd7 11. e3 Nd5 12. d4 a5 13. Ba3 Nb4 14. Bxb4 Bxb4 15. a3 Be7 16. Qb2 Nf6 17. Ne5 Nd5 18. Rfc1 Bd6 19. Nc4 Be7 20. Ne5 Bf6 21. Nd3 Bg6 22. Nc5 Rb8 23. N3e4 Bxe4 24. Nxe4 Be7 25. Nc5 Nf6 26. Bf3 Nd7 27. b4 h6 28. Nxd7 Qxd7 29. bxa5 Ra8 30. Rcb1 Rfb8 31. Qc3 Bd8 32. Bd1 Bxa5 33. Qc4 Qd5 34. Qxd5 cxd5 35. Rb5 b6 36. a4 Rc8 37. Rab1 Rc3 38. R5b3 Rac8 39. Rxc3 Rxc3 40. Be2 Kf8 41. Bb5 Ke7 1/2-1/2

[Event "LSS RF-2009-0-00038"]
[Site "LSS email"]
[Date "2009.10.31"]
[Round "?"]
[White "Bruce, Earle"]
[Black "Feng, Jason"]
[Result "1-0"]
[WhiteElo "1074"]
[BlackElo "1001"]
[PlyCount "61"]
[EventDate "2009.06.23"]
[EventType "tourn (corr)"]
[EventRounds "6"]
[EventCountry "GER"]
[SourceTitle "Telechess CBM 137"]
[Source "ChessBase"]
[SourceDate "2010.07.15"]
[SourceVersion "1"]
[SourceVersionDate "2010.07.15"]
[SourceQuality "1"]

1. Nf3 d5 2. d4 Nc6 3. g3 Bf5 4. Bg2 Qd7 5. 0-0 Bh3 6. Nbd2 Bxg2 7. Kxg2 0-0-0 8. c3 Nf6 9. b4 h5 10. a4 e6 11. a5 Bd6 12. b5 Ne7 13. Qb3 Ng6 14. b6 cxb6 15. axb6 a6 16. Ba3 Bxa3 17. Qxa3 Qc6 18. Qc5 Qxc5 19. dxc5 h4 20. c6 hxg3 21. hxg3 Rd6 22. Nd4 e5 23. Nb5 Rxc6 24. Na7+ Kd7 25. Nxc6 Kxc6 26. Rfb1 Nd7 27. Ra2 Nxb6 28. Rab2 Na4 29. Rxb7 Nxc3 30. R1b6+ Kc5 31. Nb3+ 1-0

[Event "LSS No Engine Cup Gr06 prel 01 email"]
[Site "LSS email"]
[Date "2009.09.07"]
[Round "?"]
[White "Bruce, Earle"]
[Black "Rusin, Evgenij"]
[Result "0-1"]
[WhiteElo "1074"]
[BlackElo "1850"]
[PlyCount "34"]
[EventDate "2009.09.08"]
[EventType "tourn (corr)"]
[EventRounds "6"]
[EventCountry "GER"]
[SourceTitle "Telechess CBM 135"]
[Source "ChessBase"]
[SourceDate "2010.03.17"]
[SourceVersion "1"]
[SourceVersionDate "2010.03.17"]
[SourceQuality "1"]

1. d4 Nf6 2. c4 g6 3. Nc3 Bg7 4. e4 d6 5. f4 0-0 6. Nf3 c5 7. Be2 cxd4 8. Nxd4 Na6 9. Bf3 Bg4 10. Be3 Qc8 11. b3 Bxf3 12. Qxf3 Nb4 13. 0-0 Ng4 14. Rad1 Nxe3 15. Qxe3 Qc5 16. Kh1 Nc6 17. Qd2 Qxd4 0-1

[Event "LSS No Engine Cup Gr06 prel 01 email"]
[Site "LSS email"]
[Date "2009.09.07"]
[Round "?"]
[White "Reed, James A"]
[Black "Bruce, Earle"]
[Result "0-1"]
[WhiteElo "800"]
[BlackElo "1074"]
[PlyCount "64"]
[EventDate "2009.09.08"]
[EventType "tourn (corr)"]
[EventRounds "6"]
[EventCountry "GER"]
[SourceTitle "Telechess CBM 135"]
[Source "ChessBase"]
[SourceDate "2010.03.17"]
[SourceVersion "1"]
[SourceVersionDate "2010.03.17"]
[SourceQuality "1"]

1. e4 e6 2. d4 d5 3. Nc3 Bb4 4. Bd2 dxe4 5. Nge2 f5 6. Nf4 Nf6 7. a3 Bxc3 8. Bxc3 0-0 9. h3 Nd5 10. Nxd5 exd5 11. Be2 b6 12. 0-0 Ba6 13. Re1 Bxe2 14. Qxe2 Qg5 15. Bd2 Qg6 16. Bf4 c6 17. Bxb8 Raxb8 18. Qa6 Rf7 19. c3 f4 20. f3 exf3 21. Qf1 Qxg2+ 22. Qxg2 fxg2 23. Kxg2 Kf8 24. Kf3 Re8 25. b3 g5 26. a4 Rfe7 27. Rxe7 Rxe7 28. Rg1 h6 29. c4 Re3+ 30. Kg4 Rxb3 31. Re1 Rg3+ 32. Kf5 Re3 0-1